استيعاب التكنولوجيا وتحديات العصر /

يتلخص هذا الكتاب في التحدث عن موضوع استيعاب التكنولوجيا وتحديات العصر، من حيث التقدم التكنولوجي والتنمية في المجتمعات، حيث إن منذ فجر التاريخ والإنسان يسعى إلى توفير احتياجاته الأساسية من طعام يسد رمقه وكساء يستره ومسكن يأوى إليه....

全面介绍

Saved in:
书目详细资料
主要作者: حبيش، على على
格式: 图书
语言:阿拉伯语
出版: القاهرة : أكاديمية البحث العلمى والتكنولوجيا، 1992.
主题:
在线阅读:http://dar.bibalex.org/webpages/mainpage.jsf?PID=DAF-Job:35059
标签: 添加标签
没有标签, 成为第一个标记此记录!

MARC

LEADER 00000nam a2200000 a 4500
003 INP
005 20181115145232.0
008 121220s1992 ua dj frb 000 0bara d
952 |0 0  |1 0  |4 0  |6 301_243000000000000_ع_إ  |7 0  |8 arabic_Boo  |9 2335  |a INP  |b INP  |c MAIN  |d 2018-03-19  |l 0  |o 301.243 ع إ  |p 002148  |r 2022-03-28 00:00:00  |w 2018-03-19  |y BK  |0 0 
952 |0 0  |1 0  |4 0  |6 301_243000000000000_ع_إ  |7 0  |8 arabic_Boo  |9 17792  |a INP  |b INP  |c MAIN  |d 2018-10-18  |l 0  |o 301.243 ع إ  |p 014913  |r 2022-03-28 00:00:00  |w 2018-10-18  |y BK 
999 |c 5030  |d 5030 
017 |a 1992/2843  |b مصر. دار الكتب 
020 |a 9775031273 
040 |a EG-INP  |c EG-INP  |b ara 
082 0 4 |a 301.243  |b ع إ  |2 21 
100 1 |a حبيش، على على. 
245 1 0 |a استيعاب التكنولوجيا وتحديات العصر /   |c على على حبيش. 
260 |a القاهرة :  |b أكاديمية البحث العلمى والتكنولوجيا،  |c 1992. 
300 |a 424 ص. ؛  |c 22 سم. 
504 |a يشتمل على إرجاعات ببليوجرافية. 
520 |a يتلخص هذا الكتاب في التحدث عن موضوع استيعاب التكنولوجيا وتحديات العصر، من حيث التقدم التكنولوجي والتنمية في المجتمعات، حيث إن منذ فجر التاريخ والإنسان يسعى إلى توفير احتياجاته الأساسية من طعام يسد رمقه وكساء يستره ومسكن يأوى إليه. 
650 7 |a التكنولوجيا  |x الجوانب الإجتماعية.  |2 qrmak 
650 7 |a البيئة.  |2 qrmak 
650 7 |a التكنولوجيا.  |2 qrmak 
650 7 |a التقدم.  |2 qrmak 
856 |u http://dar.bibalex.org/webpages/mainpage.jsf?PID=DAF-Job:35059 
901 |a EGPV3 
902 |a  EGPV5 
903 |a copycat 
942 |c BK  |2 ddc